Statistics for Days of the Week in Four Languages

Click here to take the quiz!

General Stats

  • This quiz has been taken 1,165 times
  • The average score is 19 of 28

Answer Stats

Answer% Correct
Monday
99%
Friday
98%
Saturday
98%
Sunday
98%
Thursday
98%
Tuesday
98%
Wednesday
97%
Lundi
69%
Mardi
68%
Montag
65%
Lunes
64%
Mercredi
64%
Domingo
62%
Martes
62%
Dimanche
60%
Miercoles
60%
Sabado
60%
Vendredi
59%
Samedi
58%
Freitag
57%
Jeudi
57%
Viernes
55%
Jueves
54%
Sonntag
52%
Mittwoch
49%
Dienstag
48%
Donnerstag
47%
Samstag
46%

Score Distribution

Percentile by Number Answered

Percent of People with Each Score

Your Score History

You have not taken this quiz